Normal view
MARC view
- المجمع الملكي لبحوث الحضارة الإسلامية (مؤسسة آل البيت)
Entry Personal Name
001 - CONTROL NUMBER
- control field: 40970
003 - CONTROL NUMBER IDENTIFIER
- control field: JO-AjAnu
005 - DATE AND TIME OF LATEST TRANSACTION
- control field: 20230606080814.0
008 - FIXED-LENGTH DATA ELEMENTS
- fixed length control field: 230606|| aca||aabn | a|a d
040 ## - CATALOGING SOURCE
- Original cataloging agency: JO-AjAnu
- Transcribing agency: JO-AjAnu
100 ## - HEADING--PERSONAL NAME
- Personal name: المجمع الملكي لبحوث الحضارة الإسلامية (مؤسسة آل البيت)
670 ## - SOURCE DATA FOUND
- Source citation: Work cat.: (JO-AjAnu)20997: المجمع الملكي لبحوث الحضارة الإسلامية (مؤسسة آل البيت), author, الموجز في الزكاة والتكافل الأجتماعي في الإسلام